Name the Star Wars planet - Statistics

General Stats
  • This quiz has been taken 7 times
  • The average score is 10 of 17
Answer Stats
Hint Answer % Correct
Was blown up by the Death Star Alderaan
86%
Forest planet with Ewoks Endor
86%
Where Cloud City is Bespin
71%
Yoda trained Luke here Dagobah
71%
Home to taun tauns and wampas Hoth
71%
Padme Amidala was Queen here Naboo
71%
Where rancors and the Night Sisters are from Dathomir
57%
Mushroom planet were Aayla Secura was killed Felucia
57%
The droid factories were located here Geonosis
57%
Where Rey is from Jakku
57%
Where the clones were made Kamino
57%
Jabba's palace is located here Tatooine
57%
Where Obi Wan had the high ground Mustafar
43%
Where Greedo's species is from Rodia
43%
The entire planet is a city Corusant
29%
Jango Fett is from this planet Mandalore
29%
Beach planet from Rogue One Scarif
29%
No matching quizzes found
Score Distribution
Percent of People with Each Score
Percentile by Number Answered
Your Score History
You have not taken this quiz